LDR 00898nam a2200205 i 4500 001 000000088660 003 CaOOAMICUS 005 20130824000000.0 008 130824s1964 xx u000 u und u 013 $a60901 040 $aSeMil$bita 100 1 $aCarbonell, Sebastián.$0(OLS)http://semarc/name/2619 245 10$aDizionario fraseologico completo italiano - spagnolo e spagnolo - ital iano. Parte italiana - spagnola. 260 $aMilano :$bHoepli,$c1964. 300 $a840 p. 650 4$aLingua spagnola - Dizionari fraseologici.$0(OLS)http://semarc/subject/733 850 $aSeMil 852 $aSeMil$W1$xVenegono$y1$m154 30 2 *$j51894$B51894$CSeMilBibl$Z2$F56260 $81 996 $6245$aDizionario fraseologico completo italiano - spagnolo e spagnolo - ital iano. Parte italiana - spagnola$9(OLS)http://semarc/title/134524 996 $6260$aMilano :$bHoepli$9(OLS)http://semarc/publisher/31184